Detalles MARC
| 000 -ENCABEZADO |
| Número de control [NR] |
03431cam a2200457Mi 4500 |
| 001 - NÚMERO DE CONTROL |
| control field |
ocn961899773 |
| 003 - IDENTIFICADOR DE CONTROL NÚMERO |
| control field |
Co-BoUCM |
| 005 - FECHA Y HORA DE LA ÚLTIMA TRANSACCIÓN |
| control field |
20250117084441.0 |
| 006 - DE LONGITUD FIJA DE DATOS ELEMENTOS - CARACTERÍSTICAS ADICIONALES DEL MATERIAL - INFORMACIÓN GENERAL |
| fixed length control field |
m o d |
| 007 - CAMPO DESCRIPCIÓN FÍSICA FIJA - INFORMACIÓN GENERAL |
| fixed length control field |
cr ||||||||||| |
| 008 - DE LONGITUD FIJA DE DATOS DE ELEMENTOS - INFORMACIÓN GENERAL |
| Elementos de longitud fija [NR] |
181031s2016 nyu o 000 0 eng d |
| 010 ## - NUMERO DE CONTROL DE LA BIBLIOTECA DEL CONGRESO (LC) [NR] |
| Número de control LC [NR] |
2015019451 |
| 020 ## - NUMERO INTERNACIONAL NORMALIZADO PARA LIBROS [R] |
| ISBN Cancelado/ Invalidado [R] |
97812920166419781292402727 |
| 020 ## - NUMERO INTERNACIONAL NORMALIZADO PARA LIBROS [R] |
| ISBN Cancelado/ Invalidado [R] |
1292016647 |
| 020 ## - NUMERO INTERNACIONAL NORMALIZADO PARA LIBROS [R] |
| ISBN Cancelado/ Invalidado [R] |
1292016647 |
| 020 ## - NUMERO INTERNACIONAL NORMALIZADO PARA LIBROS [R] |
| Número Internacional Normalizado del libro [NR] |
9781292016627 (7a.Ed.) |
| 020 ## - NUMERO INTERNACIONAL NORMALIZADO PARA LIBROS [R] |
| ISBN Cancelado/ Invalidado [R] |
1292016620 |
| 020 ## - NUMERO INTERNACIONAL NORMALIZADO PARA LIBROS [R] |
| ISBN Cancelado/ Invalidado [R] |
9781292402727 (9a.Ed.) |
| 029 1# - OTRO SISTEMA DE NÚMERO DE CONTROL (OCLC) |
| OCLC library identifier |
NLGGC |
| System control number |
412829614 |
| 035 ## - NUMERO DE CONTROL DEL SISTEMA [R] |
| Número de control del sistema [NR] |
(OCoLC)961899773 |
| Numero Cancelado/no válido [R] |
(OCoLC)944022839 |
| -- |
(OCoLC)990742697 |
| 040 ## - FUENTE DE CATALOGACION [NR] |
| Agencia de catalogación original [NR] |
Co-BoUCM |
| Idioma de catalogación [NR] |
spa |
| Quien Cataloga |
Saul Niño |
| Quien Clasifica |
David Moreno (modificó) |
| 041 0# - CODIGO DE IDIOMA [R] |
| Código de idioma para texto/pista de sonido o título separado [R] |
Inglés |
| 100 1# - ASIENTO PRINCIPAL--NOMBRE PERSONAL [NR] |
| Nombre personal [NR] |
Saunders, Mark |
| Fechas asociadas con el nombre [NR] |
1959- |
| ID Autoridad |
94292 |
| 245 10 - MENCION DE TITULO [NR] |
| Título [NR] |
Research methods for business students |
| Mención de responsabilidad, etc. [NR] |
Mark Saunders, Philip Lewis, Adrian Thornhill |
| 250 ## - MENCION DE EDICION [NR] |
| Mención de edición [NR] |
9a. Ed |
| 260 ## - PUBLICACION, DISTRIBUCION, ETC. (PIE DE IMPRENTA) [R] |
| Lugar de publicación, distribución, etc. [R] |
Harlow |
| Nombre del editor, distribuidor, etc. [R] |
Pearson |
| Fecha de publicación, distribución, etc. [R] |
2023 |
| 300 ## - DESCRIPCION FISICA [R] |
| Extensión [R] |
xxv, 860 Páginas |
| 504 ## - NOTA DE BIBLIOGRAFIA, ETC. [R] |
| Nota de bibliografía, etc. [NR] |
Incluye referencias bibliográficas e índices |
| 505 0# - NOTA DE CONTENIDO CON FORMATO PREESTABLECIDO [R] |
| Nota de contenido con formato preestablecido [NR] |
Cover; Title Page; Copyright Page; Brief Contents; Contents; How to use this book; Preface; Contributors; Publisherâ#x80;#x99;s acknowledgements; Chapter 1 Business and management research, reflective diaries and the purpose of this book; Learning outcomes; 1.1 Introduction; 1.2 The nature of research; 1.3 Business and management research; 1.4 The research process; 1.5 Keeping a reflective diary or research notebook; 1.6 The purpose and structure of this book; 1.7 Summary; Self-check questions; Review and discussion questions |
| 505 8# - NOTA DE CONTENIDO CON FORMATO PREESTABLECIDO [R] |
| Nota de contenido con formato preestablecido [NR] |
Progressing your research project: Starting your reflective diary or notebookReferences; Further reading; Case 1: Researching buyerâ#x80;#x93;supplier relationships; Self-check answers; Chapter 2 Formulating and clarifying the research topic; Learning outcomes; 2.1 Introduction; 2.2 Attributes of a good research topic; 2.3 Generating and refining research ideas; 2.4 Turning research ideas into research projects; 2.5 Writing your research proposal; 2.6 Summary; Self-check questions; Review and discussion questions; Progressing your research project: From research ideas to a research proposal |
| 505 8# - NOTA DE CONTENIDO CON FORMATO PREESTABLECIDO [R] |
| Nota de contenido con formato preestablecido [NR] |
Case 4: Chinese tourists and their duty-free shopping in GuamSelf-check answers; Chapter 5 Formulating the research design; Learning outcomes; 5.1 Introduction; 5.2 Choice and coherence in research design; 5.3 Methodological choice: the use of a quantitative, qualitative or mixed methods research design; 5.4 Recognising the purpose of your research design; 5.5 Choosing a research strategy or strategies; 5.6 Choosing a time horizon; 5.7 Establishing the ethics of the research design; 5.8 Establishing the quality of the research design; 5.9 Taking into account your role as researcher |
| 520 ## - NOTA DE RESUMEN, ETC. [R] |
| Nota de sumario, etc. [NR] |
Research Methods for Business Students has been fully revised for this seventh edition and continues to be the market-leading textbook in its field, guiding hundreds of thousands of student researchers to success in their research methods modules, research proposals, projects and dissertations. |
| 546 ## - NOTA DE IDIOMA [R] |
| Nota de idioma [NR] |
Texto en inglés |
| 650 #7 - ASIENTO SECUNDARIO DE MATERIA - TERMINO TEMATICO [R] |
| Término temático o nombre geográfico como elemento de entrada [NR] |
Negocios |
| Subdivisión general [R] |
Investigaciones |
| 9 (RLIN) |
20172 |
| 650 #7 - ASIENTO SECUNDARIO DE MATERIA - TERMINO TEMATICO [R] |
| Término temático o nombre geográfico como elemento de entrada [NR] |
Negocios |
| Subdivisión general [R] |
Procesamiento de datos |
| 9 (RLIN) |
177977 |
| 650 #7 - ASIENTO SECUNDARIO DE MATERIA - TERMINO TEMATICO [R] |
| Término temático o nombre geográfico como elemento de entrada [NR] |
Administración de empresas |
| 9 (RLIN) |
435 |
| 700 1# - ASIENTO SECUNDARIO - NOMBRE PERSONAL [R] |
| Nombre personal [NR] |
Lewis, Philip |
| Fechas asociadas con el nombre [NR] |
1945- |
| 9 (RLIN) |
94293 |
| 700 1# - ASIENTO SECUNDARIO - NOMBRE PERSONAL [R] |
| Nombre personal [NR] |
Thornhill, Adrian |
| 9 (RLIN) |
94294 |
| 942 ## - ELEMENTOS DE ENTRADA AGREGADOS (KOHA) |
| Sistema de clasificación |
DEWEY |
| Tema principal |
Administración |
| Tipo de ítem principal el descrito en 300a |
Libro |
| Edición |
9 |
| Clasificación |
650.072 |
| Parte restante de la signatura top. |
S257r |
| Título oculto en OPAC |
No |